000 00318nam a2200121Ia 4500
008 190216s9999||||xx |||||||||||||| ||und||
100 _aStanley C Glassey
245 4 _aThe Groundwork Of English Composition
260 _bOxford University Press
_c1964
300 _a304p
650 _aEnglish Literature
942 _cBK
999 _c12351
_d12351